[Event "55th Rubinstein Memorial-A 2019"]
[Site "Polanica-Zdroj"]
[Date "2019.08.20"]
[Round "4.27"]
[White "Luberanski, Jakub"]
[Black "Kozlowski, Pawel"]
[Result "0-1"]
[WhiteElo "1996"]
[BlackElo "1763"]
[Annotator "NA"]
[PlyCount "182"]
[EventDate "2019.08.17"]
[EventType "swiss"]
[EventCountry "POL"]
[SourceTitle "playchess.com"]
[Source "ChessBase"]
[SourceQuality "1"]
[TimeControl "40/5400+30:1800+30"]

1. e4 {[%emt 0:00:00]} e6 {[%emt 0:00:00]} 2. d4 {[%emt 0:00:00]} d5 {[%emt 0:00:00]} 3. Nc3 {[%emt 0:00:00]} Bb4 {[%emt 0:00:02]} 4. e5 {[%emt 0:00:00]} Qd7 {[%emt 0:00:36]} 5. Qg4 {[%emt 0:03:40]} f5 {[%emt 0:00:11]} 6. Qh5+ {[%emt 0:00:06]} Qf7 {[%emt 0:00:29]} 7. Qxf7+ {[%emt 0:00:11]} Kxf7 {[%emt 0:00:06]} 8. Bd2 {[%emt 0:00:04]} Bxc3 {[%emt 0:05:01]} 9. Bxc3 {[%emt 0:01:27]} b6 {[%emt 0:00:30]} 10. g3 {[%emt 0:08:58]} Ba6 {[%emt 0:01:51]} 11. Bg2 {[%emt 0:00:04]} c5 {[%emt 0:01:56]} 12. O-O-O {[%emt 0:05:25]} Ne7 {[%emt 0:04:00]} 13. Nh3 {[%emt 0:08:11]} h6 {[%emt 0:01:41]} 14. dxc5 {[%emt 0:02:47]} bxc5 {[%emt 0:00:51]} 15. Nf4 {[%emt 0:00:09]} Nbc6 {[%emt 0:04:16]} 16. Nxd5 {[%emt 0:07:24]} exd5 {[%emt 0:02:24]} 17. Rxd5 {[%emt 0:00:04]} Nxd5 {[%emt 0:19:36]} 18. Bxd5+ {[%emt 0:00:06]} Ke7 {[%emt 0:00:09]} 19. Bxc6 {[%emt 0:00:09]} Rac8 {[%emt 0:00:52]} 20. Bg2 {[%emt 0:01:06]} Rhd8 {[%emt 0:05:34]} 21. b3 {[%emt 0:06:41]} Ke6 {[%emt 0:04:20]} 22. Ba5 {[%emt 0:03:58]} Rd7 {[%emt 0:00:42]} 23. c4 {[%emt 0:08:22]} Bb7 {[%emt 0:01:43]} 24. Bxb7 {[%emt 0:00:19]} Rxb7 {[%emt 0:00:05]} 25. f4 {[%emt 0:01:10]} g5 {[%emt 0:00:51]} 26. Rd1 {[%emt 0:12:31]} Rd7 {[%emt 0:00:43]} 27. Be1 {[%emt 0:05:34]} Rg8 {[%emt 0:02:23]} 28. Bf2 {[%emt 0:04:54]} Rxd1+ {[%emt 0:00:11]} 29. Kxd1 {[%emt 0:00:02]} gxf4 {[%emt 0:00:57]} 30. gxf4 {[%emt 0:00:02]} Rg2 {[%emt 0:01:02]} 31. Ke2 {[%emt 0:04:15]} Rxh2 {[%emt 0:00:26]} 32. Kf3 {[%emt 0:00:08]} Rh3+ {[%emt 0:01:13]} 33. Ke2 {[%emt 0:01:29]} Rc3 {[%emt 0:01:12]} 34. Kd2 {[%emt 0:01:54]} Rh3 {[%emt 0:00:14]} 35. Ke2 {[%emt 0:00:44]} Rh1 {[%emt 0:10:56]} 36. Bxc5 {[%emt 0:00:24]} Ra1 {[%emt 0:00:11]} 37. a4 {[%emt 0:07:45]} a6 {[%emt 0:01:27]} 38. Bf8 {[%emt 0:02:20]} h5 {[%emt 0:00:25]} 39. Kf3 {[%emt 0:00:23]} Rg1 {[%emt 0:00:28]} 40. Bc5 {[%emt 0:00:00]} Rg8 {[%emt 0:00:00]} 41. b4 {[%emt 0:15:46]} h4 {[%emt 0:06:39]} 42. Bf2 {[%emt 0:00:05]} h3 {[%emt 0:00:27]} 43. Bg3 {[%emt 0:00:03]} Rd8 {[%emt 0:01:58]} 44. Ke3 {[%emt 0:07:00]} Rd1 {[%emt 0:01:57]} 45. b5 {[%emt 0:01:16]} axb5 {[%emt 0:04:50]} 46. axb5 {[%emt 0:00:05]} Rc1 {[%emt 0:00:16]} 47. Kf3 {[%emt 0:07:10]} Rxc4 {[%emt 0:00:33]} 48. Bh2 {[%emt 0:00:44]} Rc3+ {[%emt 0:00:35]} 49. Kf2 {[%emt 0:00:04]} Rb3 {[%emt 0:00:05]} 50. b6 {[%emt 0:00:17]} Rxb6 {[%emt 0:00:04]} 51. Kg3 {[%emt 0:00:05]} Rb3+ {[%emt 0:00:06]} 52. Kh4 {[%emt 0:00:05]} Kd5 {[%emt 0:02:20]} 53. Bg3 {[%emt 0:00:17]} Ke4 {[%emt 0:00:25]} 54. Kxh3 {[%emt 0:00:06]} Kf3 {[%emt 0:00:19]} 55. Kh4 {[%emt 0:02:48]} Ke4 {[%emt 0:00:52]} 56. Bh2 {[%emt 0:01:02]} Rb8 {[%emt 0:01:36]} 57. Kg3 {[%emt 0:02:28]} Rb2 {[%emt 0:00:42]} 58. Bg1 {[%emt 0:00:56]} Rb3+ {[%emt 0:00:04]} 59. Kh4 {[%emt 0:00:03]} Kxf4 {[%emt 0:00:07]} 60. e6 {[%emt 0:00:18]} Rb2 {[%emt 0:11:29]} 61. Kh3 {[%emt 0:01:43]} Re2 {[%emt 0:00:16]} 62. Bh2+ {[%emt 0:00:17]} Kg5 {[%emt 0:00:10]} 63. Bb8 {[%emt 0:00:28]} Rxe6 {[%emt 0:00:10]} 64. Kg2 {[%emt 0:00:04]} Kg4 {[%emt 0:00:10]} 65. Kf2 {[%emt 0:00:09]} f4 {[%emt 0:00:13]} 66. Kg2 {[%emt 0:00:44]} Re2+ {[%emt 0:00:06]} 67. Kf1 {[%emt 0:00:05]} Ra2 {[%emt 0:00:09]} 68. Bc7 {[%emt 0:00:32]} f3 {[%emt 0:00:31]} 69. Bd6 {[%emt 0:01:56]} Rd2 {[%emt 0:00:10]} 70. Bc7 {[%emt 0:00:08]} Kf5 {[%emt 0:01:07]} 71. Bb8 {[%emt 0:00:18]} Ke4 {[%emt 0:00:09]} 72. Ba7 {[%emt 0:00:32]} Ra2 {[%emt 0:00:20]} 73. Bb6 {[%emt 0:00:10]} Rb2 {[%emt 0:00:29]} 74. Ba7 {[%emt 0:00:14]} Kf4 {[%emt 0:00:48]} 75. Bc5 {[%emt 0:00:34]} Rc2 {[%emt 0:00:17]} 76. Ba7 {[%emt 0:00:22]} Ra2 {[%emt 0:00:42]} 77. Bb6 {[%emt 0:00:13]} Ra6 {[%emt 0:02:28]} 78. Bd4 {[%emt 0:02:10]} Ke4 {[%emt 0:00:35]} 79. Bc5 {[%emt 0:00:15]} Ra5 {[%emt 0:01:16]} 80. Bb6 {[%emt 0:00:14]} Rb5 {[%emt 0:00:23]} 81. Ba7 {[%emt 0:00:11]} Rb2 {[%emt 0:01:25]} 82. Bc5 {[%emt 0:00:51]} Kf4 {[%emt 0:00:26]} 83. Bd6+ {[%emt 0:00:07]} Kg4 {[%emt 0:00:16]} 84. Bc7 {[%emt 0:01:34]} Kh3 {[%emt 0:00:37]} 85. Bd6 {[%emt 0:00:36]} f2 {[%emt 0:04:12]} 86. Bc7 {[%emt 0:00:24]} Rb7 {[%emt 0:00:28]} 87. Bd6 {[%emt 0:01:06]} Rf7 {[%emt 0:00:09]} 88. Bc5 {[%emt 0:02:47]} Kg3 {[%emt 0:00:08]} 89. Be3 {[%emt 0:00:29]} Kf3 {[%emt 0:00:47]} 90. Bc1 {[%emt 0:01:02]} Re7 {[%emt 0:00:59]} 91. Bd2 {[%emt 0:00:13]} Rd7 0-1

[Event "55th Rubinstein Memorial-A 2019"]
[Site "Polanica-Zdroj"]
[Date "2019.08.21"]
[Round "5.1"]
[White "Warakomski, Tomasz"]
[Black "Oglaza, Oskar"]
[Result "1-0"]
[WhiteElo "2497"]
[BlackElo "2367"]
[Annotator "ChessBase"]
[PlyCount "63"]
[EventDate "2019.08.17"]
[EventType "swiss"]
[EventCountry "POL"]
[SourceTitle "playchess.com"]
[Source "ChessBase"]
[SourceQuality "1"]
[TimeControl "40/5400+30:1800+30"]

1. e4 {[%emt 0:00:00]} d5 {[%emt 0:00:00]} 2. exd5 {[%emt 0:00:00]} Qxd5 {[%emt 0:00:00]} 3. Nc3 {[%emt 0:00:00]} Qa5 {[%emt 0:00:00]} 4. d4 {[%emt 0:02:08]} c6 {[%emt 0:00:00]} 5. Bc4 {[%emt 0:00:47]} Nf6 {[%emt 0:00:11]} 6. Bd2 {[%emt 0:00:41]} Nbd7 {[%emt 0:03:13]} 7. Qe2 {[%emt 0:06:04]} e6 {[%emt 0:00:23]} 8. Nf3 {[%emt 0:00:20]} Bb4 {[%emt 0:02:51]} 9. O-O {[%emt 0:03:40]} Qh5 {[%emt 0:14:57]} 10. Ne4 {[%emt 0:08:06]} Bxd2 {[%emt 0:03:19]} 11. Ng3 {[%emt 0:00:05]} Qa5 {[%emt 0:01:29]} 12. Nxd2 {[%emt 0:00:13]} O-O {[%emt 0:00:48]} 13. Nde4 {[%emt 0:03:48]} Qc7 {[%emt 0:12:47]} 14. Rad1 {[%emt 0:08:59]} Nd5 {[%emt 0:13:16]} 15. Bb3 {[%emt 0:08:28]} b6 {[%emt 0:15:55]} 16. Rfe1 {[%emt 0:05:19]} Bb7 {[%emt 0:04:16]} 17. c4 {[%emt 0:03:43]} Nf4 {[%emt 0:00:32]} 18. Qf3 {[%emt 0:07:04]} f5 {[%emt 0:07:03]} 19. Ng5 {[%emt 0:01:55]} c5 {[%emt 0:00:08]} 20. d5 {[%emt 0:00:03]} Rae8 {[%emt 0:08:39]} 21. Ne2 {[%emt 0:09:59]} Nxe2+ {[%emt 0:05:26]} 22. Qxe2 {[%emt 0:00:07]} Nf6 {[%emt 0:04:41]} 23. Ba4 {[%emt 0:06:24]} Ng4 {[%emt 0:00:13]} 24. g3 {[%emt 0:00:15]} Qd8 {[%emt 0:00:36]} 25. Nxe6 {[%emt 0:00:44]} Qf6 {[%emt 0:00:06]} 26. Bxe8 {[%emt 0:00:58]} Rxe8 {[%emt 0:00:25]} 27. f3 {[%emt 0:00:28]} Nh6 {[%emt 0:00:05]} 28. d6 {[%emt 0:01:22]} Nf7 {[%emt 0:00:06]} 29. d7 {[%emt 0:00:03]} Ra8 {[%emt 0:00:06]} 30. Nxc5 {[%emt 0:00:25]} Bc6 {[%emt 0:00:18]} 31. Qe8+ {[%emt 0:00:07]} Rxe8 {[%emt 0:00:02]} 32. Rxe8# {[%emt 0:00:06]} 1-0

[Event "55th Rubinstein Memorial-A 2019"]
[Site "Polanica-Zdroj"]
[Date "2019.08.21"]
[Round "5.3"]
[White "Jaroch, Karol"]
[Black "Kosakowski, Jakub"]
[Result "1/2-1/2"]
[WhiteElo "2231"]
[BlackElo "2401"]
[Annotator "NA"]
[PlyCount "62"]
[EventDate "2019.08.17"]
[EventType "swiss"]
[EventCountry "POL"]
[SourceTitle "playchess.com"]
[Source "ChessBase"]
[SourceQuality "1"]
[TimeControl "40/5400+30:1800+30"]

1. e4 {[%emt 0:00:00]} c5 {[%emt 0:00:00]} 2. Nf3 {[%emt 0:00:00]} Nc6 {[%emt 0:00:00]} 3. Bb5 {[%emt 0:06:17]} e5 {[%emt 0:00:45]} 4. O-O {[%emt 0:00:21]} Bd6 {[%emt 0:00:06]} 5. Re1 {[%emt 0:05:15]} a6 {[%emt 0:01:57]} 6. Bxc6 {[%emt 0:02:21]} dxc6 {[%emt 0:00:21]} 7. d3 {[%emt 0:00:08]} Ne7 {[%emt 0:00:15]} 8. Nbd2 {[%emt 0:00:28]} Ng6 {[%emt 0:00:35]} 9. Nc4 {[%emt 0:03:46]} Bc7 {[%emt 0:00:10]} 10. Ne3 {[%emt 0:05:24]} Qf6 {[%emt 0:09:06]} 11. h3 {[%emt 0:11:20]} O-O {[%emt 0:01:17]} 12. Ng4 {[%emt 0:06:44]} Qe7 {[%emt 0:06:46]} 13. Ne3 {[%emt 0:06:54]} Be6 {[%emt 0:18:56]} 14. Nf5 {[%emt 0:03:09]} Qd7 {[%emt 0:00:51]} 15. g4 {[%emt 0:01:32]} Nf4 {[%emt 0:00:52]} 16. Bxf4 {[%emt 0:04:15]} exf4 {[%emt 0:00:18]} 17. d4 {[%emt 0:01:47]} cxd4 {[%emt 0:08:54]} 18. Qxd4 {[%emt 0:00:43]} Qxd4 {[%emt 0:01:11]} 19. N3xd4 {[%emt 0:02:52]} Rad8 {[%emt 0:02:44]} 20. Red1 {[%emt 0:11:18]} Bd7 {[%emt 0:15:46]} 21. Nb3 {[%emt 0:08:37]} b6 {[%emt 0:02:39]} 22. Rd2 {[%emt 0:03:46]} Bxf5 {[%emt 0:16:51]} 23. exf5 {[%emt 0:00:59]} Rxd2 {[%emt 0:00:17]} 24. Nxd2 {[%emt 0:00:05]} Rd8 {[%emt 0:00:07]} 25. Nf3 {[%emt 0:00:50]} g6 {[%emt 0:00:20]} 26. fxg6 {[%emt 0:01:36]} hxg6 {[%emt 0:00:12]} 27. Re1 {[%emt 0:00:36]} Kf8 {[%emt 0:00:15]} 28. Kf1 {[%emt 0:00:07]} b5 {[%emt 0:03:05]} 29. Ke2 {[%emt 0:05:43]} Re8+ {[%emt 0:02:20]} 30. Kd3 {[%emt 0:00:39]} Rd8+ {[%emt 0:00:12]} 31. Ke2 {[%emt 0:00:10]} Re8+ {[%emt 0:04:33]} 1/2-1/2

[Event "55th Rubinstein Memorial-A 2019"]
[Site "Polanica-Zdroj"]
[Date "2019.08.21"]
[Round "5.4"]
[White "Kaczmarek, Arkadiusz"]
[Black "Marszalek, Maciej"]
[Result "0-1"]
[WhiteElo "1986"]
[BlackElo "2295"]
[Annotator "NA"]
[PlyCount "82"]
[EventDate "2019.08.17"]
[EventType "swiss"]
[EventCountry "POL"]
[SourceTitle "playchess.com"]
[Source "ChessBase"]
[SourceQuality "1"]
[TimeControl "40/5400+30:1800+30"]

1. d4 {[%emt 0:00:00]} Nf6 {[%emt 0:00:00]} 2. c4 {[%emt 0:00:00]} e6 {[%emt 0:00:12]} 3. Nf3 {[%emt 0:00:03]} c5 {[%emt 0:00:15]} 4. d5 {[%emt 0:00:17]} exd5 {[%emt 0:00:30]} 5. cxd5 {[%emt 0:00:18]} d6 {[%emt 0:00:04]} 6. Nc3 {[%emt 0:00:16]} g6 {[%emt 0:00:06]} 7. Nd2 {[%emt 0:01:07]} Bg7 {[%emt 0:00:11]} 8. e4 {[%emt 0:00:14]} O-O {[%emt 0:00:11]} 9. Be2 {[%emt 0:00:23]} Re8 {[%emt 0:00:31]} 10. O-O {[%emt 0:00:35]} Nbd7 {[%emt 0:00:34]} 11. f4 {[%emt 0:01:28]} c4 {[%emt 0:02:50]} 12. Kh1 {[%emt 0:00:31]} b5 {[%emt 0:05:09]} 13. Nxb5 {[%emt 0:11:29]} Nxe4 {[%emt 0:09:37]} 14. Nxe4 {[%emt 0:00:31]} Rxe4 {[%emt 0:00:03]} 15. Bf3 {[%emt 0:00:23]} Re7 {[%emt 0:08:01]} 16. Nxd6 {[%emt 0:02:20]} Ba6 {[%emt 0:07:02]} 17. Ne4 {[%emt 0:33:43]} c3 {[%emt 0:08:41]} 18. bxc3 {[%emt 0:01:11]} Bxf1 {[%emt 0:00:15]} 19. Qxf1 {[%emt 0:00:15]} Qe8 {[%emt 0:00:53]} 20. Ba3 {[%emt 0:14:49]} Rxe4 {[%emt 0:00:49]} 21. Bxe4 {[%emt 0:00:17]} Qxe4 {[%emt 0:00:03]} 22. Qb5 {[%emt 0:00:34]} Nb6 {[%emt 0:05:26]} 23. d6 {[%emt 0:03:08]} Qc4 {[%emt 0:02:34]} 24. Rb1 {[%emt 0:02:57]} Qxb5 {[%emt 0:07:19]} 25. Rxb5 {[%emt 0:00:16]} Bxc3 {[%emt 0:01:42]} 26. Rc5 {[%emt 0:01:38]} Bf6 {[%emt 0:00:21]} 27. g3 {[%emt 0:09:43]} Rd8 {[%emt 0:02:39]} 28. Rc7 {[%emt 0:03:45]} Rd7 {[%emt 0:01:19]} 29. Rc6 {[%emt 0:00:11]} Bd8 {[%emt 0:00:45]} 30. Bb2 {[%emt 0:08:29]} f6 {[%emt 0:00:10]} 31. g4 {[%emt 0:00:41]} Nd5 {[%emt 0:01:05]} 32. f5 {[%emt 0:03:16]} gxf5 {[%emt 0:00:43]} 33. gxf5 {[%emt 0:00:09]} Ne3 {[%emt 0:00:21]} 34. Bd4 {[%emt 0:00:15]} Nxf5 {[%emt 0:00:18]} 35. Bc5 {[%emt 0:00:06]} a5 {[%emt 0:00:36]} 36. Ra6 {[%emt 0:02:00]} Kf7 {[%emt 0:00:12]} 37. Bb6 {[%emt 0:00:41]} Bxb6 {[%emt 0:00:54]} 38. Rxb6 {[%emt 0:00:06]} Rxd6 {[%emt 0:00:11]} 39. Rb5 {[%emt 0:00:33]} Ne3 {[%emt 0:00:09]} 40. Kg1 {[%emt 0:00:00]} Rd5 {[%emt 0:00:00]} 41. Rb3 {[%emt 0:00:58]} Re5 {[%emt 0:00:40]} 0-1

[Event "55th Rubinstein Memorial-A 2019"]
[Site "Polanica-Zdroj"]
[Date "2019.08.21"]
[Round "5.5"]
[White "Jaskolka, Tomasz"]
[Black "Shishkin, Vadim"]
[Result "1/2-1/2"]
[WhiteElo "2227"]
[BlackElo "2445"]
[Annotator "NA"]
[PlyCount "113"]
[EventDate "2019.08.17"]
[EventType "swiss"]
[EventCountry "POL"]
[SourceTitle "playchess.com"]
[Source "ChessBase"]
[SourceQuality "1"]
[TimeControl "40/5400+30:1800+30"]

1. d4 {[%emt 0:00:00]} Nf6 {[%emt 0:00:00]} 2. c4 {[%emt 0:00:00]} e6 {[%emt 0:00:19]} 3. Nf3 {[%emt 0:00:00]} b6 {[%emt 0:00:28]} 4. g3 {[%emt 0:00:02]} Ba6 {[%emt 0:00:10]} 5. Qc2 {[%emt 0:00:15]} c5 {[%emt 0:00:32]} 6. d5 {[%emt 0:11:26]} exd5 {[%emt 0:00:20]} 7. cxd5 {[%emt 0:00:04]} Bb7 {[%emt 0:00:24]} 8. e4 {[%emt 0:00:27]} Qe7 {[%emt 0:00:23]} 9. Bd3 {[%emt 0:00:23]} Nxd5 {[%emt 0:03:17]} 10. a3 {[%emt 0:00:46]} Nc6 {[%emt 0:11:08]} 11. O-O {[%emt 0:00:43]} Nc7 {[%emt 0:00:10]} 12. Nc3 {[%emt 0:03:41]} Qd8 {[%emt 0:02:57]} 13. Qe2 {[%emt 0:18:04]} Be7 {[%emt 0:09:19]} 14. e5 {[%emt 0:04:40]} Ne6 {[%emt 0:11:04]} 15. Be3 {[%emt 0:07:14]} O-O {[%emt 0:06:26]} 16. Rad1 {[%emt 0:05:39]} Ncd4 {[%emt 0:16:46]} 17. Bxd4 {[%emt 0:00:21]} cxd4 {[%emt 0:00:04]} 18. Nb5 {[%emt 0:06:03]} d6 {[%emt 0:13:57]} 19. Nbxd4 {[%emt 0:14:05]} Nxd4 {[%emt 0:05:11]} 20. Nxd4 {[%emt 0:00:06]} dxe5 {[%emt 0:01:07]} 21. Nf5 {[%emt 0:04:59]} Bf6 {[%emt 0:03:03]} 22. Be4 {[%emt 0:05:52]} Qb8 {[%emt 0:01:57]} 23. Rd7 {[%emt 0:02:55]} Bxe4 {[%emt 0:09:56]} 24. Qxe4 {[%emt 0:00:04]} Qe8 {[%emt 0:00:20]} 25. Rd6 {[%emt 0:09:28]} Kh8 {[%emt 0:00:05]} 26. Rfd1 {[%emt 0:00:35]} Rd8 {[%emt 0:01:04]} 27. Qg4 {[%emt 0:03:30]} Rxd6 {[%emt 0:01:00]} 28. Rxd6 {[%emt 0:00:04]} Rg8 {[%emt 0:00:06]} 29. Qc4 {[%emt 0:01:51]} Be7 {[%emt 0:01:45]} 30. Rc6 {[%emt 0:01:01]} g6 {[%emt 0:01:07]} 31. Nxe7 {[%emt 0:00:33]} Qxe7 {[%emt 0:00:03]} 32. Rc7 {[%emt 0:00:03]} b5 {[%emt 0:00:46]} 33. Qc6 {[%emt 0:00:48]} Qe6 {[%emt 0:00:06]} 34. Qxe6 {[%emt 0:00:19]} fxe6 {[%emt 0:00:02]} 35. Rxa7 {[%emt 0:00:11]} Rd8 {[%emt 0:00:16]} 36. Rb7 {[%emt 0:00:27]} Rd5 {[%emt 0:00:08]} 37. Kf1 {[%emt 0:00:49]} Rc5 {[%emt 0:00:19]} 38. Ke1 {[%emt 0:00:19]} Kg8 {[%emt 0:00:58]} 39. Kd2 {[%emt 0:00:12]} g5 {[%emt 0:00:58]} 40. h4 {[%emt 0:00:00]} gxh4 {[%emt 0:00:00]} 41. gxh4 {[%emt 0:01:05]} h5 {[%emt 0:01:42]} 42. Ke3 {[%emt 0:06:21]} Kf8 {[%emt 0:02:57]} 43. Rh7 {[%emt 0:06:09]} Rc2 {[%emt 0:02:49]} 44. Rxh5 {[%emt 0:03:58]} Rxb2 {[%emt 0:00:07]} 45. Rxe5 {[%emt 0:00:05]} Kf7 {[%emt 0:03:34]} 46. Kf3 {[%emt 0:03:06]} b4 {[%emt 0:02:12]} 47. axb4 {[%emt 0:00:41]} Rxb4 {[%emt 0:00:04]} 48. Re4 {[%emt 0:00:15]} Rb1 {[%emt 0:00:45]} 49. h5 {[%emt 0:01:04]} Kf6 {[%emt 0:04:31]} 50. Rh4 {[%emt 0:03:19]} Kg5 {[%emt 0:00:36]} 51. Rh2 {[%emt 0:00:09]} Kh6 {[%emt 0:00:26]} 52. Kf4 {[%emt 0:00:10]} Rb5 {[%emt 0:00:34]} 53. f3 {[%emt 0:01:33]} Rf5+ {[%emt 0:01:22]} 54. Ke4 {[%emt 0:01:17]} Rxh5 {[%emt 0:02:15]} 55. Rxh5+ {[%emt 0:00:11]} Kxh5 {[%emt 0:00:05]} 56. Ke5 {[%emt 0:00:10]} Kg5 {[%emt 0:00:38]} 57. Kxe6 {[%emt 0:00:03]} 1/2-1/2

[Event "55th Rubinstein Memorial-A 2019"]
[Site "Polanica-Zdroj"]
[Date "2019.08.21"]
[Round "5.6"]
[White "Goslawski, Michal"]
[Black "Goluch, Piotr"]
[Result "0-1"]
[WhiteElo "2160"]
[BlackElo "2418"]
[Annotator "NA"]
[PlyCount "43"]
[EventDate "2019.08.17"]
[EventType "swiss"]
[EventCountry "POL"]
[SourceTitle "playchess.com"]
[Source "ChessBase"]
[SourceQuality "1"]
[TimeControl "40/5400+30:1800+30"]

1. Nf3 {[%emt 0:00:00]} Nf6 {[%emt 0:00:00]} 2. c4 {[%emt 0:00:00]} e6 {[%emt 0:00:00]} 3. g3 {[%emt 0:00:00]} d5 {[%emt 0:00:00]} 4. d4 {[%emt 0:00:00]} Bb4+ {[%emt 0:00:00]} 5. Nbd2 {[%emt 0:00:45]} dxc4 {[%emt 0:00:01]} 6. Bg2 {[%emt 0:01:28]} b5 {[%emt 0:00:42]} 7. a4 {[%emt 0:03:29]} c6 {[%emt 0:00:05]} 8. O-O {[%emt 0:02:29]} O-O {[%emt 0:00:07]} 9. Ne1 {[%emt 0:03:15]} Nd5 {[%emt 0:03:10]} 10. e4 {[%emt 0:02:57]} Nb6 {[%emt 0:01:25]} 11. Nc2 {[%emt 0:01:51]} Bxd2 {[%emt 0:00:24]} 12. Bxd2 {[%emt 0:02:42]} Nxa4 {[%emt 0:00:05]} 13. Rxa4 {[%emt 0:01:08]} bxa4 {[%emt 0:00:04]} 14. e5 {[%emt 0:00:31]} c3 {[%emt 0:01:43]} 15. bxc3 {[%emt 0:05:06]} Ba6 {[%emt 0:00:03]} 16. Re1 {[%emt 0:00:09]} Bd3 {[%emt 0:00:58]} 17. Nb4 {[%emt 0:04:47]} Bg6 {[%emt 0:00:05]} 18. Qxa4 {[%emt 0:00:34]} a5 {[%emt 0:00:21]} 19. h4 {[%emt 0:01:57]} Qb6 {[%emt 0:05:29]} 20. Be3 {[%emt 0:04:55]} axb4 {[%emt 0:02:29]} 21. Qxa8 {[%emt 0:00:08]} b3 {[%emt 0:00:03]} 22. Bf1 0-1

[Event "55th Rubinstein Memorial-A 2019"]
[Site "Polanica-Zdroj"]
[Date "2019.08.21"]
[Round "5.7"]
[White "Mikhaletz, Lubomir"]
[Black "Vanduyfhuys, Daria"]
[Result "1/2-1/2"]
[WhiteElo "2412"]
[BlackElo "2160"]
[Annotator "NA"]
[PlyCount "110"]
[EventDate "2019.08.17"]
[EventType "swiss"]
[EventCountry "POL"]
[SourceTitle "playchess.com"]
[Source "ChessBase"]
[SourceQuality "1"]
[TimeControl "40/5400+30:1800+30"]

1. d4 {[%emt 0:00:00]} Nf6 {[%emt 0:00:00]} 2. Bg5 {[%emt 0:00:00]} d5 {[%emt 0:00:00]} 3. Bxf6 {[%emt 0:00:00]} exf6 {[%emt 0:00:00]} 4. e3 {[%emt 0:00:00]} Bd6 {[%emt 0:00:02]} 5. Nd2 {[%emt 0:00:22]} c6 {[%emt 0:00:46]} 6. Ne2 {[%emt 0:00:11]} O-O {[%emt 0:00:31]} 7. g3 {[%emt 0:00:24]} Nd7 {[%emt 0:03:53]} 8. Bg2 {[%emt 0:00:15]} f5 {[%emt 0:00:53]} 9. c4 {[%emt 0:00:38]} dxc4 {[%emt 0:00:43]} 10. Nxc4 {[%emt 0:00:13]} Bc7 {[%emt 0:02:54]} 11. O-O {[%emt 0:00:12]} Nf6 {[%emt 0:00:23]} 12. Nc3 {[%emt 0:01:16]} Be6 {[%emt 0:02:39]} 13. Qd3 {[%emt 0:01:36]} Qe7 {[%emt 0:03:55]} 14. Rab1 {[%emt 0:02:34]} a5 {[%emt 0:02:39]} 15. b3 {[%emt 0:02:49]} Rad8 {[%emt 0:01:49]} 16. Rfd1 {[%emt 0:01:11]} Rfe8 {[%emt 0:04:23]} 17. a3 {[%emt 0:05:41]} g6 {[%emt 0:15:02]} 18. Re1 {[%emt 0:12:38]} Nd5 {[%emt 0:03:07]} 19. Qd2 {[%emt 0:02:09]} b5 {[%emt 0:06:18]} 20. Nxd5 {[%emt 0:00:49]} Bxd5 {[%emt 0:00:12]} 21. Bxd5 {[%emt 0:01:45]} Rxd5 {[%emt 0:00:11]} 22. Nxa5 {[%emt 0:00:57]} c5 {[%emt 0:01:47]} 23. b4 {[%emt 0:02:46]} Bxa5 {[%emt 0:15:46]} 24. bxa5 {[%emt 0:01:41]} Qd7 {[%emt 0:00:05]} 25. a6 {[%emt 0:10:20]} Ra8 {[%emt 0:16:03]} 26. Qa5 {[%emt 0:01:58]} cxd4 {[%emt 0:00:06]} 27. exd4 {[%emt 0:01:15]} Qc6 {[%emt 0:00:27]} 28. Rbc1 {[%emt 0:06:48]} Rxa6 {[%emt 0:05:25]} 29. Qb4 {[%emt 0:02:42]} Qd6 {[%emt 0:02:33]} 30. Rc5 {[%emt 0:05:08]} Rxd4 {[%emt 0:03:51]} 31. Qxb5 {[%emt 0:00:41]} Ra8 {[%emt 0:00:13]} 32. Rc3 {[%emt 0:05:06]} Rd1 {[%emt 0:01:51]} 33. Rxd1 {[%emt 0:00:36]} Qxd1+ {[%emt 0:00:03]} 34. Kg2 {[%emt 0:00:07]} Qd4 {[%emt 0:01:13]} 35. Rc4 {[%emt 0:01:53]} Qd6 {[%emt 0:02:35]} 36. a4 {[%emt 0:01:04]} Rb8 {[%emt 0:00:20]} 37. Rc6 {[%emt 0:01:02]} Rxb5 {[%emt 0:01:36]} 38. Rxd6 {[%emt 0:00:03]} Rb4 {[%emt 0:00:07]} 39. a5 {[%emt 0:01:00]} Ra4 {[%emt 0:00:17]} 40. a6 {[%emt 0:00:00]} Ra3 {[%emt 0:00:00]} 41. Kf1 {[%emt 0:06:11]} Ra2 {[%emt 0:01:03]} 42. h3 {[%emt 0:01:00]} Kg7 {[%emt 0:02:05]} 43. Kg2 {[%emt 0:01:27]} Ra3 {[%emt 0:00:12]} 44. g4 {[%emt 0:00:15]} fxg4 {[%emt 0:00:13]} 45. hxg4 {[%emt 0:00:10]} h5 {[%emt 0:02:13]} 46. g5 {[%emt 0:13:49]} Kf8 {[%emt 0:02:16]} 47. f3 {[%emt 0:03:07]} Ra5 {[%emt 0:01:38]} 48. f4 {[%emt 0:00:59]} Ra3 {[%emt 0:00:04]} 49. Rb6 {[%emt 0:01:29]} Kg7 {[%emt 0:00:12]} 50. Rf6 {[%emt 0:00:19]} Kg8 {[%emt 0:00:18]} 51. Kf2 {[%emt 0:01:58]} Kg7 {[%emt 0:00:14]} 52. Rb6 {[%emt 0:00:08]} Kf8 {[%emt 0:00:41]} 53. Rb8+ {[%emt 0:00:32]} Kg7 {[%emt 0:00:12]} 54. Rb6 {[%emt 0:02:02]} Kf8 {[%emt 0:00:09]} 55. Kg2 {[%emt 0:01:08]} Kg7 {[%emt 0:00:08]} 1/2-1/2